000
00309nam a22001217a 4500
008
230621b xxu||||| |||| 00| 0 eng d
082
_a
328
_b
KNA
110
_b
Kenya National Assembly
245
_a
Bunge: The House for all Kenyans
260
_b
State University of New York
300
_a
24p
942
_2
ddc
_c
BK
999
_c
1978
_d
1978